000 00858pam a2200277 a 4500
999 _c1114
_d1114
001 015823188
003 ALUPE UNIVERSITY
005 20210624062750.0
008 010828s2001 enk d 000 0 eng d
010 _a2001-16347
015 _aGB A1-48613
020 _a0198603789
035 _aBNB2656.752
040 _aDLC
_cALUPE UNIVERSITY
_dALUPE UNIVERSITY
050 _aPE1628
_b.O867 2001
082 0 _a423
_221
245 0 4 _aThe Oxford dictionary of current English /
_cedited by Catherine Soanes.
250 _a3rd ed.
260 _aOxford :
_bOxford University Press,
_c2001.
300 _axv, 1083 p. ;
_c18 cm.
500 _aPrevious ed. i.e. rev. 2nd ed.: 1998.
650 0 _aEnglish language
_xNew words
_vDictionaries.
700 1 _aSoanes, Catherine.
942 _2lcc
_cREF
_nDO